Loading...
| Science - Physics | 0 | 5 | 0 | 0 | 50 | 30 | 57.00 | 3 | 4 |
| Science - Biology | 0 | 5 | 0 | 0 | 50 | 71 | 87.40 | 1 | 4 |
| Science - Chemistry | 0 | 4 | 2 | 1 | 30 | 62 | 72.75 | 0 | 3 |
| Literature - World/Other Literature | 0 | 1 | 0 | 1 | 10 | 68 | 68.00 | 0 | 1 |
| Geography/Current Events | 0 | 1 | 0 | 1 | 10 | 117 | 117.00 | 0 | 0 |
| Mythology | 0 | 1 | 0 | 0 | 10 | 87 | 87.00 | 0 | 0 |
| Social Science | 0 | 1 | 0 | 0 | 10 | 42 | 42.00 | 1 | 1 |
| History - American History | 0 | 1 | 0 | 0 | 10 | 94 | 94.00 | 0 | 0 |
| Literature - American Literature | 0 | 1 | 1 | 1 | 5 | 116 | 116.00 | 0 | 0 |
| Science - Other Science | 0 | 1 | 2 | 0 | 0 | 76 | 76.00 | 0 | 0 |
| Religion | 0 | 0 | 1 | 0 | -5 | 0.00 | 0 | 0 | |
| Fine Arts - Classical Music | 0 | 0 | 1 | 0 | -5 | 0.00 | 0 | 0 |